| LEADER 00000nam 2200000uu 4500 |
| 001 214469 |
| 003 ULIBM |
| 008 020711s2025 th a 000 0 eng d |
| 020 ^a9780729544603
|
| 041 ^aeng
|
| 060 4 ^aWQ200 D685p 2025
|
| 100 ^aDonnellan-Fernandez, Roslyn
|
| 245 ^aPharmacology in midwifery/^cRoslyn Donnellan-Fernandez, Maryam Bazargan, Clare Davison, Michelle Gray, Kirstem Small
|
| 260 ^aChatswood, NSW :^bElsevier,^c2025
|
| 300 ^axiii,457 pages :^bill ;^c29 cm
|
| 650 2 ^aPharmacology^xMidwifery
|
| 700 0 ^aBazargan, Maryam
|
| 700 0 ^aDavison, Clare
|
| 700 0 ^aGray, Michelle
|
| 700 0 ^aSmall, Kirstem
|
| 999 ^aใช้งานได้ทุกระบบ
|